Sleisenger & Fordtran's Gastrointestinal and liver disease : Pathological / Diagnosis / Management

Today's best guidance on the diagnosis and treatment of digestive disorders

Guardat en:
Dades bibliogràfiques
Format: Llibre
Idioma:Undetermined
Publicat: Philadelphia, PA Saunders/Elsevier 2006
Matèries:
Etiquetes: Afegir etiqueta
Sense etiquetes, Sigues el primer a etiquetar aquest registre!
Thư viện lưu trữ: Trung tâm Học liệu Trường Đại học Cần Thơ
LEADER 00732nam a2200205Ia 4500
001 CTU_123809
008 210402s9999 xx 000 0 und d
020 |c 2232000 
082 |a 616.33 
082 |b S632/Vol.1 
245 0 |a Sleisenger & Fordtran's Gastrointestinal and liver disease : 
245 0 |b Pathological / Diagnosis / Management 
245 0 |c Edited by Mark Feldman, Lawrence S. Friedman and Lawrence J. Brandt 
260 |a Philadelphia, PA 
260 |b Saunders/Elsevier 
260 |c 2006 
520 |a Today's best guidance on the diagnosis and treatment of digestive disorders 
650 |a Gastrointestinal diseases,Liver diseases 
904 |i Minh 
980 |a Trung tâm Học liệu Trường Đại học Cần Thơ